Vista normal Vista MARC

Entrada Personal Name

Número de registros utilizados en: 8

001 - CONTROL NUMBER

  • control field: 8869

003 - CONTROL NUMBER IDENTIFIER

  • control field: OSt

005 - DATE AND TIME OF LATEST TRANSACTION

  • control field: 20200818160634.0

008 - FIXED-LENGTH DATA ELEMENTS

  • fixed length control field: 200818|| aca||aabn | a|a d

040 ## - CATALOGING SOURCE

  • Original cataloging agency: OSt
  • Transcribing agency: OSt

100 ## - HEADING--PERSONAL NAME

  • Personal name: Valencia Zea, Arturo

670 ## - SOURCE DATA FOUND

  • Source citation: Work cat.: (OSt)5905: Valencia Zea, Arturo, autor, Derecho civil : , 2006